Gemmes de Steven Universe - Images (difficile) - Statistiques

Statistiques générales
  • Ce quiz a été pris 27 fois
  • Le résultat moyen est 8 sur 15
Statistiques - réponses
Par images Réponse % Correct
Aquamarine
81%
Emerald
75%
Pink Pearl
75%
Topaz
75%
Yellow Pearl
75%
Rutile Twins
69%
Blue Pearl
63%
Padparadscha
44%
Zircon (défense)
44%
Cherry Quartz
38%
Holly Blue Agate
38%
Larimar
38%
Zircon (attaque)
38%
Hessonite
31%
Jasper (Skinny)
25%
Aucun quiz correspondant
Distribution des résultats
% des personnes avec chaque résultat
Percentile par nombre de réponses
Votre historique - résultats
Vous n’avez pas pris ce quiz